Algebra / (Record no. 10940)
[ view plain ]
| 000 -LEADER | |
|---|---|
| fixed length control field | 00817nac a22002651i 4500 |
| 003 - CONTROL NUMBER IDENTIFIER | |
| control field | EG-ScBUE |
| 005 - DATE AND TIME OF LATEST TRANSACTION | |
| control field | 20240916122918.0 |
| 008 - FIXED-LENGTH DATA ELEMENTS--GENERAL INFORMATION | |
| fixed length control field | 090224t2009 ua a f 000 0 eng d |
| 020 ## - INTERNATIONAL STANDARD BOOK NUMBER | |
| International Standard Book Number | 9780390103826 |
| 020 ## - INTERNATIONAL STANDARD BOOK NUMBER | |
| International Standard Book Number | 0390103829 |
| 040 ## - CATALOGING SOURCE | |
| Original cataloging agency | EG-ScBUE |
| Language of cataloging | eng |
| Description conventions | rda |
| Transcribing agency | EG-ScBUE |
| Modifying agency | EG-ScBUE |
| 082 04 - DEWEY DECIMAL CLASSIFICATION NUMBER | |
| Classification number | 512 |
| Edition number | 22 |
| Item number | SAL |
| 100 1# - MAIN ENTRY--PERSONAL NAME | |
| Personal name | Salem, Khaled, |
| Relator term | author. |
| 9 (RLIN) | 2177 |
| 245 1# - TITLE STATEMENT | |
| Title | Algebra / |
| Statement of responsibility, etc | prepared by professor Dr. Khaled Salem. |
| 250 ## - EDITION STATEMENT | |
| Remainder of edition statement | The British University Of Egypt edition. |
| 264 #1 - PUBLICATION, DISTRIBUTION, ETC. (IMPRINT) | |
| Place of publication, distribution, etc | [Cairo] : |
| Name of publisher, distributor, etc | McGraw Hill Custom Publishing, |
| Date of publication, distribution, etc | [2009] |
| 264 #4 - PUBLICATION, DISTRIBUTION, ETC. (IMPRINT) | |
| Date of publication, distribution, etc | c2009 |
| 300 ## - PHYSICAL DESCRIPTION | |
| Extent | 296 pages : |
| Other physical details | illustrations ; |
| Dimensions | 31 cm |
| 336 ## - CONTENT TYPE | |
| Source | rdacontent |
| Content type term | text |
| Content type code | txt |
| 337 ## - MEDIA TYPE | |
| Media type term | unmediated |
| Source | rdamedia |
| Media type code | n |
| 338 ## - CARRIER TYPE | |
| Carrier type term | volume |
| Carrier type code | nc |
| Source | rdacarrier |
| 650 #7 - SUBJECT ADDED ENTRY--TOPICAL TERM | |
| Topical term or geographic name as entry element | Algebra. |
| Source of heading or term | BUEsh |
| 9 (RLIN) | 4334 |
| 655 ## - INDEX TERM--GENRE/FORM | |
| Form subdivision | Reading book |
| 942 ## - ADDED ENTRY ELEMENTS (KOHA) | |
| Koha item type | Book - Borrowing |
| Source of classification or shelving scheme | Dewey Decimal Classification |
| Withdrawn status | Lost status | Source of classification or shelving scheme | Damaged status | Not for loan | Collection code | Home library | Current library | Shelving location | Date acquired | Source of acquisition | Cost, normal purchase price | Total Checkouts | Total Renewals | Full call number | Barcode | Date last seen | Date checked out | Price effective from | Koha item type |
|---|---|---|---|---|---|---|---|---|---|---|---|---|---|---|---|---|---|---|---|
| Dewey Decimal Classification | Baccah | Central Library | Central Library | First floor | 24/02/2009 | Purchase | 160.00 | 5 | 13 | 512 SAL | 000014890 | 15/07/2025 | 17/10/2017 | 24/02/2009 | Book - Borrowing | ||||
| Dewey Decimal Classification | Baccah | Central Library | Central Library | First floor | 24/02/2009 | Purchase | 160.00 | 3 | 20 | 512 SAL | 000014889 | 15/07/2025 | 03/02/2013 | 24/02/2009 | Book - Borrowing | ||||
| Dewey Decimal Classification | Baccah | Central Library | Central Library | First floor | 24/02/2009 | Purchase | 160.00 | 4 | 10 | 512 SAL | 000014888 | 15/07/2025 | 07/11/2016 | 24/02/2009 | Book - Borrowing | ||||
| Dewey Decimal Classification | Baccah | Central Library | Central Library | First floor | 24/02/2009 | Purchase | 160.00 | 2 | 15 | 512 SAL | 000014628 | 15/07/2025 | 26/02/2020 | 24/02/2009 | Book - Borrowing | ||||
| Dewey Decimal Classification | Baccah | Central Library | Central Library | First floor | 24/02/2009 | Purchase | 160.00 | 512 SAL | 000014959 | 15/07/2025 | 24/02/2009 | NB - Book (Non borrowing) | |||||||
| Dewey Decimal Classification | Donation-Gift | Central Library | Central Library | First floor | 04/04/2018 | Donation | 512 SAL | 000047558 | 15/07/2025 | 04/04/2018 | Book - Borrowing |